Germany : Report on Observance of Standards and Codes-FATF Recommendations for Anti-Money Laundering and Combating the Financing of Terrorism.

This report reviews observance of standards and codes on the Financial Action Task Force (FATF) Recommendations for antimoney laundering and combating the financing of terrorism (AML/CFT) for Germany. The report reveals that the AML/CFT framework is not fully in line with the FATF Recommendations. T...

Fuld beskrivelse

Bibliografiske detaljer
Institution som forfatter: International Monetary Fund
Format: Tidsskrift
Sprog:English
Udgivet: Washington, D.C. : International Monetary Fund, 2010.
Serier:IMF Staff Country Reports; Country Report ; No. 2010/079
Online adgang:Full text available on IMF
LEADER 01734cas a2200241 a 4500
001 AALejournalIMF006378
008 230101c9999 xx r poo 0 0eng d
020 |c 5.00 USD 
020 |z 9781451981827 
022 |a 1934-7685 
040 |a BD-DhAAL  |c BD-DhAAL 
110 2 |a International Monetary Fund. 
245 1 0 |a Germany :   |b Report on Observance of Standards and Codes-FATF Recommendations for Anti-Money Laundering and Combating the Financing of Terrorism. 
264 1 |a Washington, D.C. :  |b International Monetary Fund,  |c 2010. 
300 |a 1 online resource (15 pages) 
490 1 |a IMF Staff Country Reports 
500 |a <strong>Off-Campus Access:</strong> No User ID or Password Required 
500 |a <strong>On-Campus Access:</strong> No User ID or Password Required 
506 |a Electronic access restricted to authorized BRAC University faculty, staff and students 
520 3 |a This report reviews observance of standards and codes on the Financial Action Task Force (FATF) Recommendations for antimoney laundering and combating the financing of terrorism (AML/CFT) for Germany. The report reveals that the AML/CFT framework is not fully in line with the FATF Recommendations. There are weaknesses in the legal framework and in sanctioning for noncompliance with AML/CFT requirements. German authorities regularly use a broad range of legal procedures to seize, confiscate, and forfeit property, but they confiscate and forfeit a lot less property than the courts issue orders for. 
538 |a Mode of access: Internet 
830 0 |a IMF Staff Country Reports; Country Report ;  |v No. 2010/079 
856 4 0 |z Full text available on IMF  |u http://elibrary.imf.org/view/journals/002/2010/079/002.2010.issue-079-en.xml  |z IMF e-Library